| 000 | 01110nac a22002291u 4500 | ||
|---|---|---|---|
| 010 | _a 99053110 | ||
| 020 | _a0312230907 (cloth) | ||
| 082 | 0 | 0 |
_a363.7 _bPAT |
| 090 |
_c7437 _d7437 |
||
| 100 | _aPaterson, Matthew, | ||
| 245 | 1 | 0 |
_aUnderstanding global environmental politics : _bdomination, accumulation, resistance / _cMatthew Paterson. |
| 260 |
_aHoundmills, Basingstoke, Hampshire : _bMacmillan Press ; _aNew York : _bSt. Martin's Press,2000 _cc2000. |
||
| 300 |
_ax, 199 p. : _bill. ; _c23 cm. |
||
| 500 | _adistributer: Al-Ahram | ||
| 504 | _aIncludes bibliographical references (p. 175-195) and index. | ||
| 511 | _acatalogued by: wessam | ||
| 650 | 0 | _aEnvironmental policy. | |
| 856 | 4 | 2 |
_3Contributor biographical information _uhttp://www.loc.gov/catdir/bios/hol058/99053110.html |
| 856 | 4 | 2 |
_3Publisher description _uhttp://www.loc.gov/catdir/description/hol057/99053110.html |
| 856 | 4 | 2 |
_3Table of contents _uhttp://www.loc.gov/catdir/toc/hol053/99053110.html |
| 942 |
_cBB _k363.7PAT |
||
| 999 |
_c7437 _d7437 |
||